[Event "1st FIDE World Cup prel. group B"]
[Site "Shenyang"]
[Date "2000.09.04"]
[Round "4"]
[White "Gurevich, Mikhail"]
[Black "Ivanchuk, Vasyl"]
[Result "1/2-1/2"]
[WhiteElo "2667"]
[BlackElo "2719"]
[EventDate "2000.09.01"]
[Annotator "Golod,V"]
[PlyCount "101"]

1.c4 {Gurevich,M} 1...e6 2.d4 Nf6 3.Nc3 Bb4 4.Qc2 O-O 5.a3 Bxc3+ 6.Qxc3 b6
7.Bg5 Bb7 8.f3 h6 9.Bh4 d5 10.e3 Nbd7 11.cxd5 Nxd5 12.Bxd8 Nxc3 13.Bh4 $5 
{It's main line,other lines are:} ( 13.Be7 $6 {You can see comments to 
Shipov, S-Stefansson,H/Las Vegas,1999/CBM 72 (1/2-1/2)(Golod,V)(46)} ) ( 
13.Bxc7 $5 ) ( {and} 13.bxc3 $6 ) 13...Nd5 14.Bf2 Ne7 {Interesting idea of
Vassily Ivanchuk. Besides 14...f5 and 14...c5 repeatedly was checked in 
the previous games.} 15.O-O-O $5 $146 {Most probably,this novelty is 
better than next alternatives: '!?' Gurevich,M.} ( 15.e4 c5 ( 15...Rac8 $5
{[%cal Gc7c5]} ) 16.dxc5 ( 16.Bb5 $143 Bc6 17.Bxc6 Nxc6 18.dxc5 Nxc5 19.
Bxc5 bxc5 20.Rc1 Ne5 $36 {[%csl Rb2] [%cal Ge5d3]} ) 16...Nxc5 17.Bxc5 
bxc5 18.Rc1 Rac8 $11 ) ( 15.Rc1 c5 $1 16.Bb5 $140 Bc6 17.Bxc6 Nxc6 18.b4 (
18.Ke2 $5 ) 18...Rfc8 19.dxc5 bxc5 20.bxc5 Nce5 $36 ) ( {or} 15.Bb5 $5 c6 
16.Ba4 Rfd8 17.Ne2 {You can see comments to 
Karpov,A-Ivanchuk,V/Monaco,2000/CBM 76(1/2-1/2)(Golod,V)(29)} ( {After:} 
17.e4 {black has two principales decisions:} 17...e5 ( {and} 17...c5 $5 
18.Bxd7 Rxd7 19.dxc5 bxc5 20.Bxc5 Nc6 {[%cal Gc6e5,Gc6a5,Ga5b3,Ge5d3]} 21.
Rd1 Rxd1+ 22.Kxd1 Ne5 $44 ) 18.Ne2 exd4 19.Bxd4 ( 19.Nxd4 $6 Ne5 $36 ) 
19...c5 $13 ) ( 17.O-O-O c5 18.Ne2 Ba6 19.Nc3 cxd4 20.Rxd4 Nc5 21.Rxd8+ 
Rxd8 22.Bc2 $11 {1/2-1/2 Sapunov,E-Yakovich,Y/Samara,2000 (22)} ) ) 15...
Rfd8 {[%csl Yd8][%cal Gc7c5,Yd8d7]} ( {It deserves attention right away:} 
15...c5 $5 16.Bb5 ( 16.dxc5 $6 Nxc5 $140 17.b4 $2 Na4 $17 18.Rd7 Rfd8 19.
Rxb7 $2 Rac8+ 20.Kb1 Nc3+ $19 21.Kb2 ( 21.Ka1 Rd2 {[%csl Ra1][%cal Gd2a2]}
) 21...Nd1+ $19 ) 16...Rfd8 17.Ne2 {+/=/=} ) 16.Bd3 $5 {Probably this move
a little better,than 16.Bb5.} 16...c5 $140 17.Ne2 {[%csl Ye2]} 17...cxd4 
18.Nxd4 Nc5 ( {Another possibility is:} 18...Rac8+ 19.Kb1 Ne5 ( 19...Nc5 {
Gurevich,M} 20.Bc2 e5 21.Nf5 $14 ) ) 19.Bc2 {+/=/=} 19...e5 20.Nb5 $6 {'!'
Gurevich,M.} ( {More safely:} 20.Ne2 Rac8 21.Rxd8+ Rxd8 22.Rd1 {+/=/=} ) (
20.Nb3 {Gurevich,M} 20...Nxb3+ 21.Bxb3 e4 22.f4 Rac8+ 23.Kb1 Bd5 $13 ) 
20...Nd5 $6 ( {Black equalizes after:} 20...e4 $5 21.Nd4 $140 ( 21.Nd6 {
Gurevich,M} 21...exf3 22.b4 {( ! Ivanchuk)} 22...fxg2 23.Rhg1 Bf3 24.bxc5 
Bxd1 25.Bxd1 bxc5 26.Nc4 ) ( 21.b4 Nd3+ 22.Bxd3 exd3 23.Kd2 $5 ( 23.Nd4 
Rac8+ 24.Kb1 Ba6 $5 25.b5 Rxd4 26.exd4 Bxb5 $13 ) 23...a5 24.Ra1 $14 ) 
21...Nc6 $1 22.Bh4 f6 $11 ) ( 20...a6 {Gurevich,M} 21.Nc3 Rac8 22.e4 $14 )
21.b4 Ne6 ( {Badly:} 21...a6 $2 {in view of:} 22.Nd6 $1 Nb3+ ( 22...Rxd6 
$2 23.bxc5 Rf6 ( 23...bxc5 $2 24.e4 $18 {[%csl Rd6]} ) 24.Rd2 Rc8 ( 24...
bxc5 $2 25.Rhd1 $18 {[%csl Rg8]} ) 25.e4 Nf4 26.cxb6 Nxg2 27.Rg1 $16 ) 23.
Bxb3 Rxd6 24.e4 Rc6+ 25.Kb2 {+/=/+/-} ) 22.e4 Ndf4 23.Rxd8+ ( {Dubious:} 
23.Nd6 Ba6 $140 24.b5 {because of:} 24...Nd4 {[%csl Rd6]} ) 23...Rxd8 24.
Rd1 $1 {[%csl Ra7,Rb6] '+/=' Gurevich,M.} 24...Ne2+ ( 24...Nxg2 $2 25.
Rxd8+ Nxd8 26.Nxa7 {[%csl Rb6] +/-/+-} ) ( 24...Rxd1+ {Gurevich,M} 25.Kxd1
Nxg2 26.Nxa7 $16 ) 25.Kb2 N2d4 26.Nxd4 ( {Impossibly:} 26.Nxa7 $2 {because
of:} 26...Ra8 27.Bxd4 Nxd4 28.Rxd4 exd4 29.Nb5 Rd8 $17 ) 26...Nxd4 27.Bb1 
{'?!' Gurevich,M.} ( 27.f4 $1 {Gurevich,M} 27...f6 28.fxe5 fxe5 29.Bg3 Re8
30.Bb1 $16 ) 27...Kf8 {'!' Gurevich,M.} ( {After:} 27...f6 $6 {very 
strongly:} 28.Bxd4 Rxd4 ( 28...exd4 29.Ba2+ Kf8 30.Bd5 $16 ) 29.Rxd4 exd4 
30.Kc2 Ba6 31.Kd2 Bf1 ( 31...Bc4 32.Bd3 b5 33.a4 Kf7 ( 33...a6 $2 34.Bxc4+
bxc4 35.b5 axb5 36.axb5 $18 {[%csl Gb5]} ) ( 33...Bxd3 $2 34.Kxd3 bxa4 35.
Kxd4 Kf7 36.Kc3 Ke6 37.Kb2 $18 ) 34.axb5 Bb3 35.f4 $16 ) 32.g3 Kf7 33.Bd3 
Bh3 34.Bc4+ $16 {[%csl Rd4][%cal Gd2d3]} ) 28.f4 $1 Ke8 ( {Now also badly:
} 28...f6 {in view of:} 29.fxe5 fxe5 30.Bg3 {[%csl Re5][%cal Gg3e5]} 30...
Re8 $140 31.Bxe5 Rxe5 32.Rxd4 {+/=/+/-} ) 29.fxe5 Ne6 30.Rxd8+ ( {
Senselessly:} 30.Rd6 {because of:} 30...Rxd6 $1 ( 30...Ng5 $6 31.Rxd8+ 
Kxd8 32.Bh4 Kd7 33.Bxg5 hxg5 34.Kc3 {+/=/+/-} ) 31.exd6 Kd7 32.Bg3 ( 32.e5
Bxg2 ) 32...Ng5 $11 ) 30...Kxd8 {'+/=' Gurevich,M.} 31.Kc3 Nf4 32.a4 $2 {
Inexplicable move(probably of the zeitnot). '!?' Gurevich,M.} ( {It is 
necessary:} 32.g3 $5 Ne6 ( 32...Nh3 {Gurevich,M} 33.Be3 Ng5 34.Bxg5+ ( 34.
Kd4 Nf3+ ) 34...hxg5 35.Kd4 Ke7 36.Ba2 Bc6 $14 ) 33.h4 {and white save a 
big advantage in the endgame.} ) 32...Nxg2 33.a5 bxa5 $1 34.bxa5 ( 34.b5 
$143 a6 35.b6 Nf4 ) 34...a6 35.e6 $5 {'(+)!?' Gurevich,M.} ( 35.Kd4 {
Gurevich,M} 35...Nf4 36.Kc5 Kc7 $11 ) ( 35.Ba2 {Gurevich,M} 35...Ke7 36.
Bd5 Bc8 ) 35...fxe6 $140 36.Kd4 {[%cal Gd4c5,Gc5b6,Gd4e5]} 36...g5 {'!?' 
Gurevich,M.} 37.Ke5 {'(+)?!' Gurevich,M.} ( {From my point of view a 
little better is:} 37.Kc5 $5 Kc7 ( 37...Nf4 {Gurevich,M} 38.Kb6 Bc8 ( 
38...Kc8 39.Bd4 $14 ) 39.Bd4 $14 {(/\Bb1-a2-c4-a6)} ) 38.Bd4 $44 ) 37...
Ke7 38.Bc5+ Kd7 39.Bf8 $6 ( {Can be recommended:} 39.Kf6 g4 $140 40.Bf2 $1
$14 ) 39...Nh4 $5 {'=' Gurevich,M.} ( {Also good enough for equality:} 
39...Ne3 $5 {[%cal Ge3g4]} 40.h3 g4 {'=' Gurevich,M.} 41.hxg4 Nxg4+ 42.Kf4
h5 43.Bg7 $11 ) 40.Kf6 Nf3 41.Bxh6 Nxh2 42.Kxg5 Nf3+ $11 43.Kf6 ( 43.Kf4 {
Gurevich,M} 43...Nd2 44.Bc2 Nxe4 $11 ) 43...Nh2 {[%cal Gh2g4]} 44.Bc1 Ng4+
45.Kg5 Nf2 46.e5 ( {Right away draw after:} 46.Kf4 Nxe4 47.Bxe4 Bxe4 48.
Kxe4 Kc6 {[%csl Ya8,Re4][%cal Yc6b7,Yb7a8]} ) 46...Be4 47.Ba2 Nd3 48.Ba3 
Nxe5 49.Kf4 Bd5 50.Bxd5 Ng6+ {Please pay your attention to the fantastic 
work of the black's knight.} 51.Ke4 ( 51.Kg5 $144 exd5 52.Kxg6 Kc6 $11 {
[%csl Ga3,Ya8][%cal Yc6b7,Yb7a8]} ) 1/2-1/2

[Event "1st FIDE World Cup prel. group C"]
[Site "Shenyang"]
[Date "2000.09.01"]
[Round "1"]
[White "Zhang Zhong"]
[Black "Movsesian, Sergei"]
[Result "1/2-1/2"]
[WhiteElo "2636"]
[BlackElo "2666"]
[EventDate "2000.09.01"]
[PlyCount "84"]

1.e4 c5 2.Nf3 Nc6 3.d4 cxd4 4.Nxd4 Qc7 5.Nc3 e6 6.Be2 a6 7.O-O Nf6 8.Be3 
d6 9.f4 Be7 10.Qe1 O-O 11.Qg3 Nxd4 12.Bxd4 b5 13.a3 Bb7 14.Kh1 Bc6 15.Rad1
Rad8 16.Bf3 Kh8 17.Rfe1 Rg8 18.Qf2 Nd7 19.Rd2 e5 20.Be3 exf4 21.Bxf4 Ne5 
22.Nd5 Bxd5 23.Rxd5 Bf6 24.c3 Rge8 25.Red1 Re6 26.Qc2 Nc4 27.Bg4 Ree8 28.
Be2 Be5 29.Bxc4 Bxf4 30.Bf1 Be5 31.a4 Re6 32.axb5 axb5 33.Rxb5 Rh6 34.h3 
Qe7 35.Qb3 g5 36.Rb7 Rd7 37.Rxd7 Qxd7 38.Ra1 Kg7 39.Qb6 g4 40.Qe3 Rg6 41.
Qf2 Rf6 42.Qe3 Rg6 1/2-1/2

[Event "1st FIDE World Cup prel. group C"]
[Site "Shenyang"]
[Date "2000.09.01"]
[Round "1"]
[White "Svidler, Peter"]
[Black "Fedorov, Alexei"]
[Result "1-0"]
[WhiteElo "2689"]
[BlackElo "2646"]
[EventDate "2000.09.01"]
[Annotator "Rogozenco,D"]
[PlyCount "61"]

1.e4 {Ftacnik} 1...c5 2.Nf3 d6 3.d4 cxd4 4.Nxd4 Nf6 5.Nc3 g6 6.Be3 Bg7 7.
f3 Nc6 8.Qd2 O-O 9.O-O-O d5 10.exd5 Nxd5 11.Nxc6 bxc6 12.Bd4 Bxd4 ( 12...
e5 {main line.} ) 13.Qxd4 Qc7 {When this plan first appeared in 1996, it 
looked like a good alternative to the main 12. ... e5. Alexey Fedorov and 
Kiril Georgiev, best Dragon specialists use it. But recently White 
succeeded to find the drawbacks here. In the present game Svidler follows 
Morozevich's plan.} 14.Qc5 ( 14.Bc4 Nb6 15.Be2 ( 15.Ne4 $5 ) 15...Be6 16.
Qc5 Rfb8 17.g3 Qb7 18.b3 a5 19.a4 Nd5 20.Ne4 Nb4 21.Bc4 Bd5 22.Rd4 Qa7 23.
Qxa7 Rxa7 24.f4 Bxe4 25.Rxe4 Rd8 26.Rf1 e6 $11 {1/2-1/2 
Shirov,A-Fedorov,A/Batumi GEO 1999/ (39)} ) 14...Nxc3 15.Qxc3 Be6 16.Bd3 (
16.h4 Rfd8 17.Bd3 c5 18.h5 Qf4+ 19.Kb1 Qd4 20.hxg6 hxg6 21.Qa5 Rab8 22.b3 
$14 {1-0 Balinov,I-Velickovic,Z/Vienna 1998/ (32)} ) 16...c5 ( 16...Rad8 
17.Rde1 c5 18.Kb1 Rd4 19.h4 Qd6 20.h5 g5 21.h6 Rd8 22.b3 f6 23.g3 Bd5 24.
Rhf1 e5 25.f4 $16 {1-0 Morozevich,A-Georgiev,K/ Sarajevo 2000/ (34)} ) 17.
h4 {This is it. By pushing his h-pawn to h6 White creates discomfort to 
black King. After h4-h5, Black must play g5, otherwise the opening of the 
h-file in absence of the g7-Bishop is disastrous for Black. Then White 
continues to play in the center, speculating on opening the position. 
Strange enough, but Black couldn't show a clear counterplan yet. It seems 
that White is just quicker. Ftacnik: 'The new fashion in this line is a 
peaceful white's attempt to generate attack without giving black too many 
counterchances. '} ( 17.Rde1 {Ftacnik} 17...c4 18.Rxe6 fxe6 19.Bxc4 Qf4+ 
20.Kb1 Qf6 21.Qe3 Rab8 22.b3 a5 $13 ) 17...c4 {'?!' Ftacnik.} ( 17...Bxa2 
$2 {Ftacnik} 18.b3 a5 19.h5 $16 ) ( 17...Qf4+ {Ftacnik} 18.Kb1 Qb4 19.Qe5 
( 19.Qxb4 cxb4 20.h5 $13 ) 19...c4 20.Be4 c3 $1 21.Qxc3 Qxc3 22.bxc3 Rab8+
23.Ka1 Rb5 $5 ( 23...Rfc8 24.Rb1 $14 ) 24.Rb1 Ra5 25.Rb2 Rc8 $13 ) 18.Be4 
Rad8 19.h5 g5 {'?!' Ftacnik.} ( 19...f5 20.Rxd8 ( 20.hxg6 $2 Qf4+ ) 20...
Rxd8 21.hxg6 $1 h6 22.Bb7 ( 22.Rxh6 $4 Qf4+ ) 22...Qf4+ 23.Kb1 {Maybe 
Black should've tried this. He is a pawn down, but has the control over 
d-file and the Bishop on b7 is out of play for a while.} ) ( 19...Rxd1+ {
Ftacnik} 20.Rxd1 Rd8 $5 ( 20...f5 21.Bd5 Bxd5 22.Rxd5 gxh5 23.Qe3 $16 ) 
21.Rxd8+ ( 21.Rh1 Qf4+ 22.Kb1 Qh4 $1 $15 ) 21...Qxd8 22.h6 f6 23.g3 $13 ) 
( 19...Qf4+ $142 $1 {Ftacnik} 20.Kb1 gxh5 21.Qa5 Rxd1+ 22.Rxd1 f5 23.Bd5 
Bxd5 24.Qxd5+ Kh8 $13 ) 20.h6 f6 21.a3 {I should ask Peter about the 
purpose of this move. Probably White was so happy about the position that 
he permitted himself to make such prophylactical moves.} 21...Bf7 ( 21...
Rxd1+ {Ftacnik} 22.Rxd1 Rd8 $5 ) 22.Rhe1 ( 22.Kb1 {Would be a logical 
continuation of the previous "plan".} ) 22...Qg3 {'?' Ftacnik.} ( 22...Qh2
23.Qa5 $16 ) ( 22...Rxd1+ $142 {Ftacnik} 23.Rxd1 Rd8 $14 {/+/-.} ) ( 22...
e5 {Ftacnik} 23.g3 $1 ) 23.Qa5 $1 {[%csl Ra7,Rd8]} 23...Qf4+ ( 23...Rxd1+ 
24.Rxd1 Qxg2 $2 25.Qf5 $18 ) 24.Kb1 Rxd1+ 25.Rxd1 g4 26.Qxa7 c3 {'?!' 
Ftacnik.} ( 26...f5 27.Bd5 Bxd5 28.Qxe7 Qxh6 ( 28...Bf7 29.Qf6 $18 ) ( 
28...Rf7 29.Qd8+ $18 ) 29.Rxd5 Qf6 30.Qxf6 Rxf6 31.Rc5 $18 ) 27.Qxe7 $18 
Qxh6 28.b3 f5 29.Bxf5 gxf3 ( 29...Bxb3 30.cxb3 Rxf5 31.Rd8+ ) 30.gxf3 Qb6 
31.Bxh7+ 1-0

[Event "1st FIDE World Cup prel. group C"]
[Site "Shenyang"]
[Date "2000.09.04"]
[Round "4"]
[White "Fedorov, Alexei"]
[Black "Movsesian, Sergei"]
[Result "1/2-1/2"]
[WhiteElo "2646"]
[BlackElo "2666"]
[EventDate "2000.09.01"]
[Annotator "Ribli"]
[PlyCount "84"]

1.e4 {Wells} 1...c5 2.Nf3 Nc6 3.Nc3 e6 4.d4 cxd4 5.Nxd4 Qc7 6.Be3 a6 7.Bd3
{Das ist eine Hauptfortsetzung - Weiß möchte anschließend kurz rochieren 
und f2-f4 ziehen.} 7...Nf6 8.O-O h5 {Movsesian spielt häufig diesen Zug. 
Der Textzug verschafft Schwarz eventuell taktische Motive mit Ng4 und legt
noch nicht die weitere Entwicklung des schwarzen Königsflügels fest. Die 
Alternativen sind 8.. .b5, 8...Ne5, 8...Nxd4 und 8...Bd6.} 9.h3 Bd6 10.Qd2
{'?!' Wells. Dieser Zug bietet Weiß keine Hoffnung auf Eröffnungsvorteil, 
aber es ist auch mit anderen Fortsetzungen nicht leicht, etwas Greifbares 
herauszuholen.} ( 10.Re1 Bh2+ 11.Kh1 Nxd4 ( 11...Be5 12.Nxc6 Qxc6 13.Bd2 
h4 14.Qe2 Kf8 15.Nd1 b5 16.Bg5 Bb7 17.Qd2 Rc8 18.c3 d5 19.Bxf6 gxf6 20.Qe3
$13 {1-0 Karabelas, V-Dorfanis,I/Athens 1996/CBM 55 ext (39)} ) 12.Bxd4 
Be5 13.Bxe5 Qxe5 14.Qd2 g5 15.Nd5 $1 Nxd5 16.exd5 Qf6 {
Prie,E-Miladinovic,I/Yerevan (ol) 1996/Inf 67/ [Prie,E] (17)} ) ( 10.Nxc6 
bxc6 ( 10...dxc6 11.f4 e5 12.f5 ( 12.Qf3 exf4 13.Bxf4 Bxf4 14.Qxf4 Qxf4 
15.Rxf4 Be6 16.e5 Nd7 17.Bf5 O-O 18.Bxe6 fxe6 19.Rd4 Rf7 {1/2-1/2 
Najbar,M-Antoniewski,R/Trzbinia 1999/EXT 2000 (69)} ) 12...Bd7 13.Qf3 
O-O-O 14.a3 Rdf8 15.b4 c5 16.Nd5 Nxd5 17.exd5 c4 18.Be4 b6 19.Qf2 Kb7 {
1/2-1/2 Berzinsh,R-Antoniewski,R/Ostrava CZE 1999/The Week in Chess 291 
(39)} ) 11.f4 e5 12.f5 ( 12.Qf3 exf4 13.Bxf4 Bxf4 14.Qxf4 Qxf4 15.Rxf4 d6 
16.e5 dxe5 17.Re1 Nd7 18.Rc4 Rh6 19.Bf5 Ra7 20.Bxd7+ Rxd7 21.Rxe5+ Re7 22.
Rec5 {1/2-1/2 Gaponenko,I-Botsari Miladinovic,A/Yerevan 1996/EXT 97 (48) }
) 12...Qa5 13.Qe1 Bc5 14.Nd5 Bxe3+ 15.Nxe3 Qxe1 16.Rfxe1 d6 17.Nc4 Ke7 18.
Rad1 a5 19.a4 Rd8 20.Bf1 g6 {0-1 Wildi,M-Wyss,T/Zurich SUI 1999 (55)} ) ( 
10.Be2 Bh2+ 11.Kh1 Bf4 12.Qd2 Bxe3 13.Qxe3 Ng4 {1/2-1/2 
Jaracz,P-Maciejewski,M/ Sopot 1997/CBM 59 (34)} ) ( 10.f4 Bc5 11.e5 Bxd4 
12.Bxd4 Nxd4 13.exf6 gxf6 14.f5 d5 15.Kh1 Qg3 16.fxe6 Bxe6 17.Qe1 Rg8 18.
Qxg3 Rxg3 19.Kh2 Rg5 20.Rxf6 Ke7 21.Rf2 Rag8 {1/2-1/2 
Hracek,Z-Movsesian,S/CZE 1997/EXT 99 (28) }) ( 10.Qe2 b5 11.Nxc6 dxc6 12.
f4 e5 13.f5 Bb7 $13 ) 10...Nxd4 11.Bxd4 Bh2+ 12.Kh1 Bf4 $11 13.Be3 $6 {
Weiß möchte den starken schwarzfeldrigen Läufer tauschen, übersieht aber 
die nachfolgende kleine Kombination.} ( 13.Qe2 d6 14.Rad1 Bd7 $11 ) 13...
Bxe3 14.Qxe3 Ng4 $1 {Mit diesem schönem Zug forciert Schwarz den Übergang 
in ein bequemes Endspiel.} 15.Qg3 ( 15.hxg4 $2 hxg4+ 16.Kg1 Qh2# ) 15...
Qxg3 16.fxg3 Ne5 {[%csl Ge5] '=/+' Wells. Der Ne5 steht auzsgezeichnet - 
Weiß kann ihn nicht vertreiben, allenfalls nach vielen Zügen mit seinem 
Springer abtauschen. Die weiße Bauernstruktur ist schwach, aber das hat 
keine große Bedeutung.} 17.Na4 {[%cal Ga4b6]} 17...d6 {Schwarz möchte den 
Damenflügel geschlossen halten, meiner Meinung nach jedoch war die 
Alternative 17...b5 besser.} ( 17...b5 $142 $5 18.Nb6 ( 18.Nc5 d6 $15 ) 
18...Rb8 19.Nxc8 Rxc8 20.a4 $11 ) 18.Nb6 Rb8 19.a4 $1 {Weiß möchte damit 
nicht den Posten des Nb6 festigen, sondern am Damenflügel Raum gewinnen.} 
19...Bd7 20.a5 ( 20.Nxd7 $6 {Dieser Zug wäre strategisch schlecht - denn 
nun könnte Weiß den Ne5 nicht mehr abtauschen.} 20...Kxd7 $15 ) 20...Bc6 
21.Kg1 Ke7 22.Rfe1 g6 {Schwarz bereitet damit den Zug f7-f5 vor.} 23.Nc4 {
Früher oder später muss Weiß den Ne5 abtauschen.} 23...Nxc4 ( 23...Nd7 $5 
24.Rad1 {[%cal Gd1d6]} 24...Bb5 25.Nxd6 Bxd3 ( 25...Kxd6 26.Bxb5+ $18 ) 
26.Rxd3 Ne5 27.Rd2 b6 ) 24.Bxc4 Rhc8 {[%cal Gc8c2] Schwarz hat eine 
gesunde Bauernstruktur und bequemes Spiel.} 25.c3 Bd7 26.Bd3 Rc5 {[%csl 
Gc5][%cal Gc5a5,Gc5g5]} 27.Ra3 $1 {Weiß verteidigt im voraus den Pc3 und 
bereitet die Mobilisierung des Damenflügels mit b4 vor.} ( 27.c4 b6 28.
axb6 Rxb6 $15 ) 27...Rbc8 28.c4 {Da Weiß den Zug b7-b6 nicht mehr fürchten
muss, lann er diesen Bauernzug ausführen.} 28...Re5 {[%cal Ge5e1]} 29.Kf2 
f5 30.exf5 gxf5 $5 ( 30...exf5 $11 ) 31.Rxe5 dxe5 {[%csl Ge5,Ge6] Schwarz 
hat einen gesunden Doppelbauern auf der e-Linie - er kann in der Folge e4 
und e5 ziehen.} 32.Be2 e4 33.Rb3 Bc6 34.Bxh5 e5 $44 {[%cal Gf5f4] Die 
schwarze Bauernmasse im Zentrum ist sehr stark. Die positionelle Drohung 
ist f5-f4.} 35.Rc3 Rd8 {[%cal Rd8d2,Rd2b2,Rd2f2]} 36.Ke1 ( 36.Ke3 Rg8 37.
Ke2 ( 37.Kf2 Rd8 $11 ) 37...f4 $44 ) 36...Kf6 37.b4 f4 {Schwarz hat aktive
Bauern - es droht 38...e3.} 38.b5 $5 {Weiß gibt das Material zurück und 
aktiviert seinen Turm.} 38...axb5 39.cxb5 Bxb5 40.Rc7 $11 {[%cal 
Gc7b7,Gc7f7]} 40...Ra8 41.Rf7+ ( 41.Rxb7 Rxa5 $15 ) 41...Kg5 42.Re7 $1 {
[%cal Re7e5,Re5b5,Re5h5] Damit forciert Weiß Zugwiederholung.} 42...Kf6 
1/2-1/2

[Event "1st FIDE World Cup prel. group C"]
[Site "Shenyang"]
[Date "2000.09.05"]
[Round "5"]
[White "Rizouk, Aimen"]
[Black "Zhang Zhong"]
[Result "1/2-1/2"]
[WhiteElo "2350"]
[BlackElo "2636"]
[EventDate "2000.09.01"]
[PlyCount "120"]

1.e4 e6 2.d4 d5 3.Nd2 Nf6 4.e5 Nfd7 5.Bd3 c5 6.c3 Nc6 7.Ne2 cxd4 8.cxd4 
Qb6 9.Nf3 f6 10.exf6 Nxf6 11.O-O Bd6 12.Nc3 O-O 13.Be3 Bd7 14.a3 Qd8 15.h3
Kh8 16.Re1 Rc8 17.Rc1 Qe8 18.Rc2 Qh5 19.Be2 Qf7 20.Bd3 a6 21.Rc1 b5 22.a4 
b4 23.Nb1 a5 24.Nbd2 Qe8 25.b3 Nh5 26.Rc2 Nf4 27.Bb5 Ng6 28.Nf1 Nge7 29.
N1h2 h6 30.Ng4 Qg6 31.Bd3 Qf7 32.Ba6 Rcd8 33.Bb5 Be8 34.Qe2 h5 35.Nge5 
Bxe5 36.dxe5 d4 37.Bg5 Rd5 38.Rec1 Qg8 39.Bc4 Rd7 40.Bb5 Rd5 41.Rxc6 Nxc6 
42.Bxc6 Bxc6 43.Rxc6 d3 44.Qe4 Rf5 45.Rd6 Qc8 46.Qxf5 Rxd6 47.Qg6 Rd5 48.
Bd2 Kg8 49.Ng5 Qd7 50.Ne4 Kf8 51.Nf6 Qc6 52.Nxd5 Qxd5 53.Qxh5 Qxb3 54.Kh2 
Qc4 55.Qf3+ Kg8 56.Qa8+ Kh7 57.Qe8 b3 58.Qh5+ Kg8 59.Qe8+ Kh7 60.Qh5+ Kg8 
1/2-1/2

[Event "1st FIDE World Cup prel. group D"]
[Site "Shenyang"]
[Date "2000.09.02"]
[Round "2"]
[White "Tissir, Mohamed"]
[Black "Tregubov, Pavel"]
[Result "1/2-1/2"]
[WhiteElo "2342"]
[BlackElo "2620"]
[EventDate "2000.09.01"]
[PlyCount "108"]

1.e4 c5 2.Nf3 Nc6 3.Bb5 g6 4.O-O Bg7 5.Bxc6 dxc6 6.d3 Nf6 7.Nc3 O-O 8.Be3 
b6 9.h3 Nd7 10.Qd2 Re8 11.a3 Nf8 12.Rab1 e5 13.b4 cxb4 14.axb4 Ne6 15.Ne2 
f5 16.Qc3 Qc7 17.Rfe1 Kh8 18.Qb3 Bb7 19.Bd2 fxe4 20.dxe4 Rad8 21.Ng5 Rxd2 
22.Nxe6 Qf7 23.Nxg7 Qxb3 24.Rxb3 Kxg7 25.Rd3 Rd8 26.Nc1 R8xd3 27.Nxd3 Rxc2
28.Nxe5 c5 29.Ra1 a6 30.bxc5 Rxc5 31.f4 b5 32.Rd1 Bxe4 33.Rd7+ Kf6 34.Rf7+
Ke6 35.Ra7 Rc1+ 36.Kf2 Ra1 37.g4 b4 38.Ke3 b3 39.Kxe4 Re1+ 40.Kd4 b2 41.
Rxa6+ Ke7 42.Ra7+ Kd8 43.Nf7+ Ke8 44.Nd6+ Kf8 45.Ra8+ Kg7 46.Ra7+ Kf6 47.
Ne8+ Rxe8 48.Rb7 Re2 49.Kd3 Rh2 50.Ke4 h6 51.Rb6+ Ke7 52.Rb7+ Kd6 53.f5 
Kc6 54.Rb8 gxf5+ 1/2-1/2